Fr. Conceicao Rodrigues College of Engineering

Kalman Filtering:Theory and practice Theory & Practice using matlab. (Record no. 24979)

MARC details
000 -LEADER
fixed length control field 00417nam a2200169Ia 4500
082 ## - DEWEY DECIMAL CLASSIFICATION NUMBER
Classification number 003.5/GRE
Item number GRE
100 ## - MAIN ENTRY--PERSONAL NAME
Personal name Grewal/Mohinder S
250 ## - EDITION STATEMENT
Edition statement 2
245 ## - TITLE STATEMENT
Title Kalman Filtering:Theory and practice Theory & Practice using matlab.
260 ## - PUBLICATION, DISTRIBUTION, ETC.
Name of publisher, distributor, etc. Wiley Interscience
Place of publication, distribution, etc. New Delhi
Date of publication, distribution, etc. 2001
366 ## - TRADE AVAILABILITY INFORMATION
Publishers's discount category 20
300 ## - PHYSICAL DESCRIPTION
Extent 401
546 ## - LANGUAGE NOTE
Language note ENGLISH
650 ## - SUBJECT ADDED ENTRY--TOPICAL TERM
Topical term or geographic name entry element Computers
654 ## - SUBJECT ADDED ENTRY--FACETED TOPICAL TERMS
Focus term kalman filtering
942 ## - ADDED ENTRY ELEMENTS (KOHA)
Koha item type Reference Book
Holdings
Withdrawn status Lost status Damaged status Not for loan Collection Home library Current library Date acquired Source of acquisition Cost, normal purchase price Inventory number Total Checkouts Full call number Barcode Date last seen Cost, replacement price Price effective from Koha item type
        CRC Fr. Agnel's C.Rodrigues College of Engineering Fr. Agnel's C.Rodrigues College of Engineering 17/03/2023 Milan Book Supplier 3920.00 1353 dt 26/03/2008   003.5/GRE GRE 18707 17/03/2023 4900.00   Reference Book